Elementos de historia general y de historia patria para el segundo año de primaria superior.

Gespeichert in:
Bibliographische Detailangaben
1. Verfasser: Cadena, Longinos.
Format: Buch
Sprache:Spanisch
Erschienen: México Herrero Hnos. Sucs. 1931
Ausgabe:9a. ed.
Katalog:MANES:  Suchergebnis im Bibliothekskatalog
Schulbuchspezifische Eigenschaften:
Tags: Tag hinzufügen
Keine Tags, Fügen Sie den ersten Tag hinzu!
Hinzugefügt zu:23.04.2018
Geändert in:24.05.2018

MARC

LEADER 00000nam a22000007a 4500
005 20180525012539.0
008 180424b xxu||||| |||| 00| 0 spa d
040 |a centro_manes  |c universidad_colima 
100 |9 16874  |a Cadena, Longinos. 
245 |a Elementos de historia general y de historia patria para el segundo año de primaria superior.  
250 |a 9a. ed. 
260 |a México  |b Herrero Hnos. Sucs.  |c 1931 
300 |a 198 p.  |c 18 cm 
500 |a Aparece: Francisco Ziga, "Bibliografía Pedagógica. Libros de texto para enseñanza primaria:1850-1970 V. Libros de Historia" en Boletín del Instituto de Investigaciones Bibliográficas 1981-1982, Biblioteca Nacional, Hemeroteca Nacional, Universidad Nacional Autónoma de México, Nos. 18 - 19,p. 114.  |a ils. 
546 |a México 
690 0 |a HI 
691 0 |a PRI 
942 |2 ddc  |c BK 
999 |c 50534  |d 50534 
999 |c manes:50534  |d 50534